La nouvelle gestion publique en perspective (Registro nro. 40636)
[ vista simple ]
| 000 -CABECERA | |
|---|---|
| Longitud fija campo de control | 00979naa a2200277 c 4500 |
| 001 - NÚMERO DE CONTROL | |
| Número de control | 40636 |
| 003 - IDENTIFICADOR DE NÚMERO DE CONTROL | |
| Identificador del número de control | ES-MaCES |
| 005 - FECHA Y HORA DE LA ÚLTIMA TRANSACCIÓN | |
| Fecha y hora de la última transacción | 20100913095000.0 |
| 008 - CAMPO FIJO DE DESCRIPCIÓN FIJA--INFORMACIÓN GENERAL | |
| Códigos de información de longitud fija | 100910n2010 fr t 000 | fre d |
| 035 ## - NÚMERO DE CONTROL DEL SISTEMA | |
| Número de control del sistema | CES20100009740v |
| 040 ## - FUENTE DE CATALOGACIÓN | |
| Centro catalogador de origen | ES-MaCES |
| Lengua de catalogación | spa |
| Centro transcriptor | ES-MaCES |
| 100 1# - ENCABEZAMIENTO PRINCIPAL--NOMBRE PERSONAL | |
| Nombre de persona | Scott, Alan |
| 9 (RLIN) | 23765 |
| 245 13 - MENCIÓN DE TÍTULO | |
| Título | La nouvelle gestion publique en perspective |
| Resto del título | : une confrontation Angleterre-Autriche |
| Mención de responsabilidad, etc. | Alan Scott |
| 650 #4 - ASIENTO SECUNDARIO DE MATERIA--TÉRMINO DE MATERIA | |
| Término de materia o nombre geográfico como elemento inicial | Reino Unido |
| 9 (RLIN) | 26967 |
| 650 #4 - ASIENTO SECUNDARIO DE MATERIA--TÉRMINO DE MATERIA | |
| Término de materia o nombre geográfico como elemento inicial | Austria |
| 9 (RLIN) | 26933 |
| 650 #4 - ASIENTO SECUNDARIO DE MATERIA--TÉRMINO DE MATERIA | |
| Término de materia o nombre geográfico como elemento inicial | administración general de la calidad |
| 9 (RLIN) | 30589 |
| 650 #4 - ASIENTO SECUNDARIO DE MATERIA--TÉRMINO DE MATERIA | |
| Término de materia o nombre geográfico como elemento inicial | política educativa |
| 9 (RLIN) | 27373 |
| 650 #4 - ASIENTO SECUNDARIO DE MATERIA--TÉRMINO DE MATERIA | |
| Término de materia o nombre geográfico como elemento inicial | reforma administrativa |
| 9 (RLIN) | 27223 |
| 650 #4 - ASIENTO SECUNDARIO DE MATERIA--TÉRMINO DE MATERIA | |
| Término de materia o nombre geográfico como elemento inicial | organización institucional |
| 9 (RLIN) | 27196 |
| 650 #4 - ASIENTO SECUNDARIO DE MATERIA--TÉRMINO DE MATERIA | |
| Término de materia o nombre geográfico como elemento inicial | enseñanza superior |
| 9 (RLIN) | 27379 |
| 653 10 - TÉRMINO DE INDEXACIÓN--NO CONTROLADO | |
| Término no controlado | Educación |
| 773 0# - ENTRADA DE DOCUMENTO FUENTE | |
| Título | Economies et sociétés |
| Parte(s) relacionada(s) | t. 44, nº 4 (avril 2010){10151 R. 077155}; p. 509-534 |
| Número de control del registro relacionado | (ES-MaCES)25169 |
| Itemnumber del ítem fuente | 38970 |
| 902 ## - CES. TIPO DE DOCUMENTO | |
| Tipodoc (006$c Sirtex) | ART Artículo de revista |
| 942 ## - ELEMENTOS KOHA | |
| Fuente de clasificaión o esquema | Clasificación propia del CES |
| Koha [por defecto] tipo de item | Artículos (1982-2017) |
| Parte de clasificación | 4.0. |
No hay ítems disponibles.
